[Event "FIDE World Cup"]
[Site "Khanty-Mansiysk"]
[Date "2011.08.30"]
[Round "1.4"]
[White "Alekseev, Evgeny V"]
[Black "Ragger, Markus"]
[Result "1-0"]
[WhiteElo "2659"]
[BlackElo "2651"]
[Annotator "Marin,M"]
[PlyCount "127"]
[EventDate "2011.08.28"]
[EventType "k.o."]
[EventRounds "7"]
[EventCountry "RUS"]
[SourceTitle "CBM 145"]
[Source "ChessBase"]
[SourceDate "2011.11.11"]
[SourceVersion "1"]
[SourceVersionDate "2011.11.11"]
[SourceQuality "1"]

1. d4 d5 2. c4 c6 3. Nf3 Nf6 4. e3 Bg4 5. h3 Bxf3 6. Qxf3 e6 7. Nc3 Nbd7 8. Bd3
Bb4 (8... Bd6 {is an important alternative. The bishop will get on to the
h2-b8 diagonal anyway, but after some loss of time.}) 9. Bd2 {White would play
this sooner or later anyway, so that the last move cannot be considered a real
concession.} O-O 10. a3 Ba5 11. O-O {White's position does not look too
threatening, but his long term advantage is not easy to question. In order to
get some counterplay, Black will have to open the centre at some point (either
...e5 or, more likely, ...dxc4 followed by ...e5). This will increase the
force of the bishop pair and make White hope for gradual simplification of the
position.} Re8 12. Qd1 $5 {A typical manoeuvre, removing the queen from f3 in
order to reduce the impact of the thematic ...e6-e5.} Bc7 13. Qc2 Qe7 14. Rfd1
dxc4 15. Bxc4 Nb6 16. Bf1 e5 17. Be1 $146 ({After the previously played} 17.
dxe5 Qxe5 18. g3 {, Black's counterattack developed more effectively than in
the present game:} h5 19. h4 ({Maintaining the structural flexibility with} 19.
Bg2 {is not effective now because of} h4 20. g4 Nc4 $11 21. Be1 $2 Qh2+ 22. Kf1
Rxe3 $1) 19... g5 20. hxg5 Qxg5 21. e4 Qg4 $132 {1/2 Navara,D (2708)-Le Quang,
L (2664)/Wijk aan Zee 2011/CBM 141 (58)}) 17... Rad8 (17... e4 $5 {seriously
comes into consideration. Since the blockade on d5 is impossible to prevent,
White should hurry with his minority attack. A possible continuation is} 18. b4
a6 19. a4 h5 20. b5 axb5 21. axb5 Rxa1 22. Rxa1 c5 23. dxc5 Qxc5 {White may be
just microscopically better.}) 18. dxe5 Qxe5 19. g3 h5 20. Bg2 $1 {With the
bishop safely retreated to e1, it is possible to ignore the threat ...h4.} h4
21. Rxd8 Rxd8 22. g4 {It appears that the check on h2 only misplaces the queen.
} Nbd5 23. Rd1 Re8 24. Qf5 {Logically playing for simplifications.} Qh2+ (24...
Qxf5 25. gxf5 $14) 25. Kf1 Re6 $6 ({Black should have prepared the queen's
return to the centre with} 25... g6 $1 {After} 26. Qf3 Qe5 {it would not be
easy for White to find a way of exchanging queens and starting the technical
phase of converting the advantage of two bishops.}) 26. g5 $36 {White takes
over the initiative and will win the h4-pawn soon.} g6 27. Qf3 Nxc3 28. Bxc3
Nd5 29. Bd4 Be5 30. Qg4 Bxd4 31. Rxd4 Qe5 32. Qxh4 Qf5 33. Be4 Qe5 34. Kg2 Re8
35. Qg3 Qe6 36. Bf3 Ne7 37. Re4 Qf5 38. h4 Qc5 39. Qc7 Kf8 40. Qxb7 Qd6 41.
Qxa7 Rc8 42. Qd4 Qxd4 43. Rxd4 Nf5 44. Rc4 Rb8 45. b4 Ra8 46. Bxc6 Rxa3 47. Kf3
Rb3 48. Be4 Nd6 49. Rd4 Ke7 50. Bd3 Rb2 51. Kg3 Rb3 52. Kg4 Rb2 53. f4 Rg2+ 54.
Kf3 Rh2 55. Kg3 Rb2 56. e4 Rb3 57. Kg4 Ne8 58. f5 Nc7 59. h5 gxh5+ 60. Kxh5 f6
61. Kg6 fxg5 62. f6+ Ke8 63. Bc4 Rf3 64. b5 1-0

[Event "Alushta Autumn 1st"]
[Site "Alushta"]
[Date "2004.08.31"]
[Round "5"]
[White "Malaniuk, Vladimir P"]
[Black "Neelotpal, Das"]
[Result "1-0"]
[WhiteElo "2555"]
[BlackElo "2448"]
[Annotator "Marin,M"]
[PlyCount "95"]
[EventDate "2004.08.28"]
[EventType "tourn"]
[EventRounds "15"]
[EventCountry "UKR"]
[EventCategory "9"]
[SourceTitle "CBM 103"]
[Source "ChessBase"]
[SourceDate "2004.11.11"]
[SourceVersion "1"]
[SourceVersionDate "2004.11.11"]
[SourceQuality "1"]

1. d4 d5 2. c4 c6 3. e3 Nf6 4. Nf3 a6 5. Bd3 Bg4 6. Nbd2 e6 7. O-O Nbd7 8. Qc2
Bd6 9. b3 O-O 10. Bb2 Qb8 11. h3 Bh5 12. Ng5 Bg6 13. Bxg6 hxg6 14. e4 Bf4 15.
Ndf3 dxc4 16. Qxc4 b5 17. Qe2 b4 18. g3 Bxg5 19. Nxg5 Qb5 20. Qxb5 axb5 21. a3
bxa3 22. Bxa3 Rfc8 23. Bb4 e5 24. Rxa8 Rxa8 25. dxe5 Nxe5 26. Rd1 Ned7 27. Bd6
Re8 28. Rc1 Nxe4 29. Nxe4 Rxe4 30. Rxc6 Ne5 31. Rb6 Nf3+ 32. Kg2 Nd4 33. b4 Kh7
34. Bc5 Ne6 35. Rxb5 Re5 36. Ra5 Nxc5 37. Rxc5 {Several favourable factors
make White's win quite linear. The passed pawn is on the optimal file and it
will be defended laterally after reaching the fifth rank. Black's structure is
not too flexible and makes a further king side counterplay rather problematic.
Finally, the black king is on the worse possible square (it would be optimally
placed on e6, in order to interfere with White's plan of centralising his own
king). Mehrere Faktoren gestalten den weißen Gewinn ziemlich linear. Der
Freibauer befindet sich auf der optimalen Linie und wird, nachdem er die
fünfte Reihe erreicht hat, seitlich verteidigt. Die schwarze Struktur ist
nicht besonders flexibel, was ein weiteres Gegenspiel am Königsflügel recht
problematisch macht. Schließlich steht der schwarze König auf dem denkbar
schlechtesten Feld (optimal platziert wäre er auf e6, um Weiß daran zu hindern,
seinen eigenen König zu zentralisieren).} Re1 ({It is suggestive that,
although Black could have played better in several moments, he could have
hardly changed the evaluation of the position. For instance, here he could
have won a tempo with Es scheint, dass Schwarz, obwohl an mehreren Stellen
Verbesserungen möglich waren, die Stellungsbewertung kaum hätte ändern können.
Hier zum Beispiel hätte er ein Tempo gewinnen können mit} 37... Re2 38. b5 Rb2
39. Kf3 f6 40. Ke3 g5 {but after , doch nach} 41. Kd4 {he would have lost
anyway: hätte er trotzdem verloren:} Rxf2 42. Kd5 Rf3 43. b6 Rxg3 44. b7 Rd3+
45. Kc6 Rd8 46. Rb5 Kg6 47. b8=Q Rxb8 48. Rxb8 Kf5 49. Kd5 Kf4 50. Rg8 Kg3 51.
Rxg7 Kxh3 52. Ke4 g4 53. Kf4 $18) 38. b5 Rb1 39. Kf3 f6 40. Ke3 ({White
doesn't bother about the typical Weiß kümmert sich nicht um das typische} 40.
h4 {since the activation of the king is the highest priority. , da die
Aktivierung des Königs oberste Priorität besitzt.}) 40... g5 ({Again Wieder
sieht} 40... Rb2 {looks better, but without any significant influence over the
further course of the game: besser aus, ohne allerdings irgendwelchen
bedeutsamen Einfluss auf den weiteren Partieverlauf zu haben:} 41. Kd4 Rxf2 42.
Kd5 Rf3 43. b6 Rxg3 44. Rb5 Rd3+ 45. Kc6 Rd8 ({After Nach} 45... Rc3+ 46. Kd7
Rd3+ 47. Ke7 Re3+ 48. Kf7 {the rook will not be in time to block the pawn any
more. kommt der Turm nicht mehr rechtzeitig, um den Bauern zu blockieren.}) 46.
b7 g5 (46... Rb8 47. Kc7 Rf8 48. b8=Q Rxb8 49. Rxb8 {would only lose one tempo
for Black. würde nur ein Tempo für Schwarz verlieren.}) 47. b8=Q Rxb8 48. Rxb8
Kg6 49. Kd5 Kf5 50. Rg8 g6 51. Kd4 $18 {and Black has no chances for a
counterplay. und Schwarz hat keine Chancen auf Gegenspiel.}) 41. Kd3 Rb2 (41...
Kg6 42. Kd4 Rb2 43. Kd5 Rxf2 44. b6 Rb2 45. Kc6 f5 46. b7 {[%cal Yc5b5]} Rxb7
$8 47. Kxb7 f4 48. g4 {is very much as in the game. verläuft ganz ähnlich wie
in der Partie.}) 42. Kc3 Rxf2 43. b6 Rf1 ({The rook has problems returning to
its defensive jobs as can be seen from the following variation: Der Turm hat
Probleme, zu seinen Defensivaufgaben zurückzukehren, wie die folgende Variante
verdeutlicht:} 43... Re2 44. b7 Re8 45. Rc8 $18 {[%cal Yb7b8]}) 44. Rb5 Rc1+
45. Kd4 Rc8 46. b7 Rb8 47. Kd5 f5 48. Kc6 (48. Kc6 Kg6 49. Kc7 Rf8 50. b8=Q
Rxb8 51. Kxb8 f4 52. g4 {and Black's counterplay comes to an end before it
actually started. und das schwarze Gegenspiel kommt zu einem Ende, noch bevor
es überhaupt begonnen hat.}) 1-0

[Event "Candidates final"]
[Site "Elista"]
[Date "2007.05.07"]
[Round "2.2"]
[White "Bareev, Evgeny"]
[Black "Leko, Peter"]
[Result "1/2-1/2"]
[WhiteElo "2643"]
[BlackElo "2738"]
[Annotator "Marin,M"]
[PlyCount "29"]
[EventDate "2007.06.06"]
[EventType "k.o."]
[EventRounds "6"]
[EventCountry "RUS"]
[SourceTitle "CBM 119"]
[Source "ChessBase"]
[SourceDate "2007.08.01"]
[SourceVersion "1"]
[SourceVersionDate "2007.08.01"]
[SourceQuality "1"]

1. d4 d5 2. c4 c6 {Prior to this game, Leko has played the Slav only
occasionally. However, Bareev's match against Judit proved that he feels very
much at home against the Queen's Indian, which entirely justifies the
Hungarian GM's decision to deviate from his main repertoire.} 3. Nf3 Nf6 4. e3
Bg4 ({Not really the main theoretical stream. We had a lot of the main
continuation} 4... Bf5 {during the Kramnik-Topalov match.}) 5. Nc3 e6 6. h3
Bxf3 7. Qxf3 Nbd7 8. Bd2 ({Instinctively, I did not like this move when I
first saw it, although the practical material presented below suggests that it
is entirely viable. I have always thought that White should play} 8. Bd3 {
, then get castled and regroup with Rd1 and Bf1, in order to prevent Black's
thematical break ...e5. The development of the queenside could wait for the
time being.} Bd6 9. O-O O-O 10. Rd1 Qe7 11. Bd2 ({Bareev probably refrained
from this setup because of his previous experience with it:} 11. e4 {This is
premature.} dxc4 12. Bxc4 e5 13. d5 Nb6 14. Bb3 cxd5 15. Nxd5 Nfxd5 {1/2-1/2
Bareev,E (2675)-Gelfand,B (2717)/Khanty Mansyisk 2005/CBM 111}) 11... Rfe8 12.
Bf1 {Jussupow,A (2622)-Dautov,R (2617)/Germany 2002/CBM 093/[Dautov] (1/2-1/2,
36). It is far from clear whether White has an advantage here (according to
dautov, he has not), but there is a lot of play in this position.}) 8... Bb4 ({
Bareev might have hoped for} 8... Bd6 {when White has the aggresive} 9. g4 {
at his disposal. It is curious that one of Black's main answers here is} Bb4 {
with loss of time, so we can understand that after Leko's 8...Bb4 White should
forget about his attacking plans and switch to something of more positional
nature.} 10. O-O-O Qe7 $6 $146 {Roiz,M (2593)-Krivoshey,S (2500)/Benasque 2005/
CBM 108/[Roiz,M] (1-0, 65)} (10... a5 $146 {Golod,V (2586)-Kohlweyer,B (2423)/
Benasque 2005/CBM 108/[Golod,V] (1-0, 58)})) 9. Bd3 O-O 10. a3 Ba5 11. b4 {
White wins space on the queenside, but weakens the c4-square and drives the
enemy bishop on a better square.} (11. O-O Re8 12. cxd5 exd5 $6 (12... cxd5 $1)
13. b4 Bc7 14. b5 Qe7 15. bxc6 bxc6 16. Rfc1 $14 {Muse,M (2434)-Sulava,N (2493)
/Sibenik 2005/CBM 108 ext (1-0, 40)}) 11... Bc7 12. cxd5 ({The necessity of
releasing the tension in the centre so soon speaks against White's strategy in
the rpevious phase of the game. It appears that the bishops are hanging after} 
12. O-O dxc4 13. Bxc4 Ne5 $5 {although the position is not entirely clear after
} 14. dxe5 Qxd2 15. exf6 Qxc3 16. fxg7 {However, 13...e5 is simple and good.})
(12. Rd1 {looks a bit unaesthetical, by leaving too much empty space on the
queenside. Besides, it only parries one of Black's main threats, allowing} dxc4
13. Bxc4 e5 {It would be interesting to compare this position with that
arising by replacing Bd2 and Rad1 with 0-0 and Rfd1. Here, the generally
desirable} 14. d5 $6 {does not work because of} Nb6 {and the d2-bishop clearly
stands in the way.}) 12... cxd5 ({After} 12... exd5 $6 13. b5 {White's pieces
are well placed for the minority's attack.}) 13. O-O Re8 {Black calmly
prepares the opening of the centre with ...e5.} (13... Rc8 14. a4 Bd6 15. Nb5
Bb8 16. Rfc1 Qe7 17. Qd1 a6 18. Na3 e5 $132 {Polak,T (2481)-Grabarczyk,M (2499)
/Germany 2001/EXT 2003 (0-1, 58). Black takes advantage of the departure of
the enemy knight from the centre and starts a powerful counter-attack.}) 14.
Rfc1 $146 ({By placing this rook on the c-file, Bareev probably wanted to
avoid the line} 14. Rac1 e5 15. Nxd5 e4 16. Bxe4 Nxe4 17. Nxc7 Nxd2 {when the
f1-rook would be hanging.}) (14. e4 $5 e5 15. Bg5 h6 16. Bh4 g5 17. Bg3 exd4
18. Nxd5 Nxd5 19. exd5 Ne5 (19... Bxg3 $2 20. fxg3 $1 $40) 20. Bxe5 Bxe5 (20...
Rxe5 {[%csl Yf5]}) 21. Rfc1 {Kharlov,A (2581)-Al Sayed,M (2455)/Dubai 2003/CBM
093 ext (1-0, 28). and the weakness of the enemy kingside offers White the
better chances.}) 14... Bd6 15. e4 ({After} 15. e4 e5 {White seems to be able
to retain the initiative in a complicated position, but it mainly depends on
the player's mood whether to play on or call it a day. In this game, they
chose the latter, much to the spectators' excitement.} 16. Bg5 $5 h6 17. Bh4)
1/2-1/2

[Event "Baku FIDE GP"]
[Site "Baku"]
[Date "2014.10.09"]
[Round "7"]
[White "Mamedyarov, Shakhriyar"]
[Black "Tomashevsky, Evgeny"]
[Result "1/2-1/2"]
[WhiteElo "2764"]
[BlackElo "2701"]
[Annotator "Marin,M"]
[PlyCount "61"]
[EventDate "2014.10.02"]
[EventType "tourn"]
[EventRounds "11"]
[EventCountry "AZE"]
[EventCategory "21"]
[SourceTitle "CBM 163"]
[Source "ChessBase"]
[SourceDate "2014.11.11"]
[SourceVersion "1"]
[SourceVersionDate "2014.11.11"]
[SourceQuality "1"]

1. d4 d5 2. c4 c6 3. Nf3 Nf6 4. g3 {The fianchetto system, almost non-existent
in the old opening monographs, has enjoyed some popularity lately, thanks to
the efforts of players like Grischuk, Mamedyarov and Radjabov. But actually
g2-g3 is not enough yet to speak about the fianchetto. We should wait until
White plays Bf1-g2... which will not happen in this game.} Bf5 {A sound
developing move.} ({But the first thing White needs to know is how to meet the
critical pawn grabbing} 4... dxc4 5. Bg2 Nbd7 (5... Bf5 {Fressinet,L (2711)
-Blomqvist,E (2492) Malmo 2014 CBM 161 [Havasi,G] (1-0, 30)}) 6. Qc2 Nb6 7.
Nbd2 {Grischuk,A (2764)-Aronian,L (2809) London 2013 CBM 154 [Marin,M] (1/2-1/
2, 38)}) 5. Nc3 e6 6. Nh4 $5 {This manoeuvre, aimed at exchanging the active
Slav bishop is frequently seen in the 4.e3 system. Little wonder that after a
few moves we will notice a marked similarity between the two variations.} dxc4
(6... Be4 7. f3 Bg6 {Mamedyarov,S (2760)-Nakamura,H (2772) Shamkir 2014 CBM
160 [Negi,P] (0-1, 47)}) (6... Bg6 7. Nxg6 hxg6 8. Qb3 Qb6 9. Bg2 Nbd7 10. O-O
Be7 11. Rd1 O-O 12. e4 $14 {Grischuk,A (2789)-Seliverstov,V (2432) Moscow 2014
(1/2-1/2, 64)}) 7. Nxf5 {It is best to take the bishop while possible.} (7. Bg2
Nbd7 8. O-O Bg4 $5 {[%csl Rh4]} 9. Qc2 Be7 10. Rd1 Nd5 11. Nf3 O-O 12. a3 b5
13. e4 Nxc3 14. bxc3 Nb6 15. h3 Bxf3 16. Bxf3 Bg5 $15 {Ragger,M (2632)-Nguyen,
N (2621) Dubai 2014 (0-1, 41)}) 7... exf5 8. e3 {White uses the fact that he
has delayed the bishop's development. Under the given circumstances, it is
best to change the initial plan based on Bg2.} Nbd7 {I find this to be the
most flexible move. Before deciding what to do with his bishop, Black should
activate his knights, preventing White from taking over the queenside
initiative.} (8... g6 9. Bxc4 Bg7 10. b4 O-O 11. Qb3 Nbd7 12. b5 c5 13. Ba3 Rc8
14. O-O Rc7 15. Rac1 $16 {Jirka,J (2415)-Huzman,A (2601) Israel 2011 (1-0, 34)}
) (8... Bb4 9. Bxc4 O-O 10. Qb3 Qe7 11. O-O a5 12. a3 Bd6 13. Bd2 {Jirka,J 
(2415)-Cerveny,M (2347) Czechia 2012 (1-0, 35)}) ({So far, nobody has been
curious enough to defend the pawn with} 8... b5 {. In the absence of the
light-squared bishop, the weakness of the light squares may become unpleasant.}
) 9. Bxc4 {Theoretically, this position could also occur via 4.e3 move order.
True, in that case White might have delayed g2-g3, but in principle this is a
useful move, restricting the enemy bishop without fearing the relative
weakness of the light squares due to the absence of the respective bishop.} Nb6
10. Bb3 {In order to keep the bishop on an active diagonal White has been
forced to block his b-pawn.} h5 $146 {A multi-purpose move. First of all, it
makes White's castling short unappealing. Secondly, it aims to weaken the
g3-square, taking preventive measures against the thematic plan f2-f3 and
e3-e4.} ({White did not prove anything concrete against} 10... Be7 11. Qf3 ({
Maybe he should have applied the same plan as Mamedyarov, something like} 11.
Qd3 Qd7 12. O-O O-O 13. Bd2 {[%cal Ga1d1,Gf2f3,Ge3e4]}) 11... Qd7 12. Bd2 O-O
13. Rd1 a5 14. a3 a4 15. Bc2 g6 16. Bc1 Nfd5 17. Ne2 Rfc8 18. h3 Nf6 19. Nc3
Nfd5 20. Ne2 Nf6 {1/2-1/2 Brunello,S (2497)-Vernay,C (2460) Arvier 2010}) 11.
Qd3 Qd7 12. Bd2 h4 13. O-O-O O-O-O 14. f3 $1 {In the absence of the minority
attack (b4-b5) gaining space in the centre is the only constructive plan
available.} Bd6 15. Rhg1 ({Black is well prepared against the hurried} 15. Bc2
g6 16. e4 hxg3 17. hxg3 (17. e5 Bxe5 18. dxe5 Qxd3 19. Bxd3 Rxd3 20. exf6 Nc4
21. hxg3 Rxh1 22. Rxh1 Nxd2 23. Rd1 Rxc3+ 24. bxc3 Nxf3 $13) 17... Rxh1 18.
Rxh1 Nh5 (18... Bxg3 19. Bg5 $16) 19. Ne2 Nxg3 20. Nxg3 Bxg3 21. exf5 $11)
15... hxg3 16. hxg3 Bc7 17. Kb1 {[%csl Gd4][%cal Gd2c1,Ge3e4]} (17. g4 f4 18.
exf4 Qxd4 19. Qxd4 Rxd4 20. Bxf7 Bxf4 21. Bxf4 Rxf4 $11) 17... Kb8 18. Bc1 Rhe8
$6 {This natural centralising move throws away the benefits of the advance of
the h-pawn. The rook belongs on the h-file, otherwise ...h5-h4 becomes some
sort of waste of time.} (18... Rh2 19. e4 fxe4 20. fxe4 Ng4 21. Rgf1 f6 $132) (
18... Rh3 $5) (18... Nbd5 $5) 19. e4 $1 $14 fxe4 20. fxe4 Qg4 (20... Ng4 21.
Qf3 f6 22. Bf4 {[%cal Gg1h1,Gh1h4,Yg3f4]}) (20... c5 21. e5 Ng8 (21... Ng4 22.
Qf3 $18 {[%csl Rb6,Rg4][%cal Ge5e6,Gd4c5]}) 22. Ne4 Qxd4 (22... cxd4 23. Nd6
Bxd6 24. exd6 $16) 23. Qxd4 Rxd4 24. e6 fxe6 25. Nxc5 $36) 21. Bf4 Re7 (21...
Bxf4 22. gxf4 Qxf4 23. Bxf7 Re7 24. Bg6 $16) 22. Rgf1 {White has consolidated
his centre and is entitled to count on a long term advantage. The permanent
threats e4-e5 and d4-d5 invite Black to display prudence. But White should be
careful, too, since his centre can easily become a target.} Qg6 23. Bc2 Red7
24. Qe3 Qg4 {For the last few moves White has mainly parried one-move threats.
This is typical when playing with hanging pawns. As long as they are defended
and keep their position next to each other, White's advantage is ensured.
Black's last move is the first in a relatively long sequence which does not
threaten anything. Ironically, precisely this move will provoke White's only
mistake in this game.} 25. a4 $2 {White fails to notice that the last move
actually created some sort of slow threat. Black intends regrouping with ...
Qe6 in order to sustain the knights in their invasion through c4 and g4! Had
he anticipated the danger, he would surely have taken either square under
control.} (25. Bb3 $14 {[%csl Rb6,Gc4]}) (25. Bxc7+ Rxc7 26. Rf4 Qe6 27. Qf3
$14) 25... Bxf4 26. gxf4 Nc4 27. Qf2 Qe6 $132 {[%cal Gf6g4,Gg4e3,Gc4e3]} 28.
Qg1 (28. Rfe1 Qd6 29. Bb3 Qb4 30. Bxc4 Qxc4) 28... Qe7 {[%cal Ge7b4] We can
notice that a2-a4 also had a strategic drawback - weakening the b4-square!} (
28... c5 29. d5 Qb6 $132) 29. Bb3 Na5 30. Bc2 {[%csl Re4]} Nc4 31. Bb3 1/2-1/2